El cuento y sus claves

Saved in:
Bibliographic Details
Main Authors: Omil, Alba (autora), Piérola, Raúl Alberto (Author)
Format: Book
Language:Spanish
Published: Buenos Aires Nova 1900
Series:Compendios Nova de iniciación cultural, 51
Subjects:
Tags: Add Tag
No Tags, Be the first to tag this record!

MARC

LEADER 00000nam a2200000 a 4500
001 UCY9983
003 CL-VaPUC
008 950724e19000000AG |||||||||||||||||spa|d
082 0 4 |a 801.953  |b OMI  |2 21 
100 |a Omil, Alba  |e autora  |9 342515 
700 0 |a Piérola, Raúl Alberto  |e author  |9 342516 
245 1 3 |a El cuento y sus claves 
300 |a 111 p 
942 |c BK 
945 |d 19950724 00:00:00  |a cmena 
260 |a Buenos Aires  |b Nova  |c 1900 
650 0 |a Cuento  |9 316426 
650 0 |a Crítica literaria   |9 269189 
650 0 |a Análisis literario  |9 318386 
583 |a last modification  |c 19950724 00:00:00  |k Rodrigo Vera 
490 0 |a Compendios Nova de iniciación cultural, 51 
999 |c 236964  |d 236962 
952 |0 0  |1 0  |4 0  |6 801_953000000000000_OMI_1900  |7 0  |8 P  |9 245554  |a BIBEDU  |b BIBEDU  |c BIBEDU_PB  |d 2019-11-18  |i 1537997  |o 801.953 OMI 1900  |p 1537997  |r 2024-01-25  |w 2019-11-18  |y BK  |k EDU 
952 |0 0  |1 0  |4 0  |6 801_953000000000000_OMI_1900  |7 0  |8 P  |9 245555  |a BIBEDU  |b BIBEDU  |c BIBEDU_PB  |d 2019-11-18  |i 1540009  |o 801.953 OMI 1900  |p 1540009  |r 2024-01-25  |w 2019-11-18  |y BK  |k EDU